| 000 | 00553nam a2200181 i 4500 | ||
|---|---|---|---|
| 001 | 52168 | ||
| 003 | ES-MaACL | ||
| 005 | 20251014063117.0 | ||
| 007 | t| | ||
| 008 | 030826s1970 sp ||||1| spa d | ||
| 100 | 1 |
_aChristie, Agatha, _d1890-1976 _938657 |
|
| 245 | 1 | 4 |
_aLas manzanas / _cAgatha Christie ; [traducción Ramón Margalef Llambrich]. |
| 260 |
_a[Barcelona] : _bMolino, _c[1970] |
||
| 300 |
_a250 p. ; _c20 cm. |
||
| 700 | 1 |
_aMargalef Llambrich, Ramón. _976609 |
|
| 852 |
_aES-MaACL _jC-38968 _bR.73577 |
||
| 999 |
_c52168 _d52168 |
||